Η ελευθερία κυκλοφορίας εμπορευμάτων στο ευρωπαϊκό κοινοτικό δίκαιο

Αποθηκεύτηκε σε:
Λεπτομέρειες βιβλιογραφικής εγγραφής
Κύριος συγγραφέας: Δαγτόγλου, Πρόδρομος Δ.
Μορφή: Βιβλίο
Γλώσσα:Greek
Δημοσίευση: Αθήνα : Αντ. Ν. Σάκκουλας, [1996]
Θέματα:
Ετικέτες: Προσθήκη ετικέτας
Δεν υπάρχουν, Καταχωρήστε ετικέτα πρώτοι!

MARC

LEADER 00000cam a2200000 i 4500
001 1/11089
008 000908q1996 gre d
020 |a 960-232-492-9 
035 |l 10063700 
040 |a GR-MY-UA  |b gre  |e aacr 
041 0 |a gre 
082 0 |a 341.75244 
100 1 |a Δαγτόγλου, Πρόδρομος Δ. 
245 1 2 |a Η ελευθερία κυκλοφορίας εμπορευμάτων στο ευρωπαϊκό κοινοτικό δίκαιο /  |c Π. Δ. Δαγτόγλου 
260 |a Αθήνα :   |b Αντ. Ν. Σάκκουλας,   |c [1996] 
300 |a 153 σ.;  |c 21 cm 
504 |a Περιέχει ευρετήριο 
650 0 0 |a Commodity exchanges  |x International law. 
852 |a INST  |b CHIOS  |e 20000908  |h 341.75244 ΔΑΓ  |p 005200017887  |q 005200017887  |t BK  |y 0 
901 |a BIBL2-2000-3 
909 |a Χ  |b 075925 
970 |z 2000/09/LITSA